| 000 | 01273nac a22003131i 4500 | ||
|---|---|---|---|
| 003 | EG-ScBUE | ||
| 005 | 20240225111437.0 | ||
| 008 | 240225s1987 u f b 001 0 ara d | ||
| 017 | _a87 / 5366 | ||
| 040 |
_aEG-ScBUE _bara _erda _cEG-ScBUE _dEG-ScBUE |
||
| 043 | _af-ua--- | ||
| 082 | 0 | 4 |
_a962.054 _bش ك ر _222 |
| 100 | 1 |
_aشكري، غالي، _d1935-1998، _eمؤلف. |
|
| 245 | 1 | 2 |
_aالثورة المضادة في مصر / _cد. غالي شكري. |
| 250 | _aالطبعة العربية الثالثة. | ||
| 264 | 1 |
_aالقاهرة : _bجريدة الأهالي، _c1987. |
|
| 300 |
_a534 صفحة ؛ _c18 سم. |
||
| 336 |
_2rdacontent _aنص _btxt |
||
| 337 |
_2rdamedia _aبدون وسيط _bn |
||
| 338 |
_2rdacarrier _aمجلد _bnc |
||
| 490 | 0 |
_aكتاب الأهالي ؛ _vرقم 15 |
|
| 504 | _aيشتمل على إرجاعات ببليوجرافية وكشافات. | ||
| 541 |
_cDonations ; _aYoussef Darwesh. |
||
| 650 | 7 |
_aالإرهاب _zمصر. _2BUEsh |
|
| 651 | 7 |
_2BUEsh _aمصر _xتاريخ _yالعصر الحديث _yأنور السادات (1970-1981). |
|
| 651 | 7 |
_2BUEsh _aمصر _xتاريخ _yالعصر الحديث _yجمال عبد الناصر (1954-1970). |
|
| 655 | _vReading book | ||
| 942 |
_cBB _2ddc |
||
| 999 |
_c6726 _d6726 |
||